书目信息 |
| 题名: |
数据库原理与技术
|
|
| 作者: | 李春葆 主编 ;陈良臣 , 曾平 , 喻丹丹 编著 | |
| 分册: | ||
| 出版信息: | 北京 清华大学出版社 2015.8 |
|
| 页数: | 13,397页 | |
| 开本: | 26cm | |
| 丛书名: | ||
| 单 册: | ||
| 中图分类: | TP311.132.3- , TP311.138SQ-43 | |
| 科图分类: | ||
| 主题词: | 关系数据库--数据库管理系统,SQL Server 2012--高等学校--教材 | |
| 电子资源: | ||
| ISBN: | 978-7-302-40073-8 | |
| 000 | 01187nam0 2200325 450 | |
| 001 | 0400004425 | |
| 005 | 20171023193238.0 | |
| 010 | @a978-7-302-40073-8@dCNY44.50 | |
| 100 | @a20171023e20172015em y0chiy ea | |
| 101 | 0 | @achi |
| 102 | @aCN@b110000 | |
| 105 | @ay az 000yy | |
| 106 | @ar | |
| 200 | 1 | @a数据库原理与技术@9shu ju ku yuan li yu ji shu@e基于SQL Server 2012@f李春葆主编@g陈良臣,曾平,喻丹丹编著 |
| 210 | @a北京@c清华大学出版社@d2015.8@h2017.3 | |
| 215 | @a13,397页@d26cm | |
| 300 | @a重点大学计算机专业系列教材 | |
| 307 | @a实际页数为:398 | |
| 320 | @a有书目(第398页) | |
| 330 | @a本书讲授数据库基本原理好而技术,并以SQL Server 2012为平台介绍数据库管理系统的应用。全书分为两个部分,第1~5章介绍数据库的一般原理;第6~18章介绍SQL Server 2012的数据管理技术。 | |
| 606 | 0 | @a关系数据库@x数据库管理系统,SQL Server 2012@x高等学校@j教材 |
| 610 | 0 | @aSQL Server |
| 690 | @aTP311.132.3-@v5 | |
| 690 | @aTP311.138SQ-43@v5 | |
| 701 | 0 | @a李春葆@9li chun bao@4主编 |
| 702 | 0 | @a陈良臣@9chen liang chen@4编著 |
| 702 | 0 | @a曾平@9zeng ping@4编著 |
| 702 | 0 | @a喻丹丹@9yu dan dan@4编著 |
| 801 | 0 | @aCN@b91MARC@c20171023 |
| 905 | @b1037945-9@dTP311.132.3-@f5@e1193 | |
| 数据库原理与技术:基于SQL Server 2012/李春葆主编/陈良臣,曾平,喻丹丹编著.-北京:清华大学出版社,2015.8(2017.3) |
| 13,397页;26cm |
| 重点大学计算机专业系列教材 |
| ISBN 978-7-302-40073-8:CNY44.50 |
| 本书讲授数据库基本原理好而技术,并以SQL Server 2012为平台介绍数据库管理系统的应用。全书分为两个部分,第1~5章介绍数据库的一般原理;第6~18章介绍SQL Server 2012的数据管理技术。 |
| ● |
| 相关链接 |
|
|
|
|
正题名:数据库原理与技术
索取号:TP311.132.3-/1193
 
预约/预借
| 序号 | 登录号 | 条形码 | 馆藏地/架位号 | 状态 | 备注 |
| 1 | 1037945 | 210379455 | 第二样本阅览室/ [索取号:TP311.132.3-/1193] | 在馆 | |
| 2 | 1037946 | 210379464 | 密集书库—计算机科学学院/ [索取号:TP311.132.3-/1193] | 在馆 | |
| 3 | 1037947 | 210379473 | 第三借阅区/ [索取号:TP311.132.3-/1193] | 在馆 | |
| 4 | 1037948 | 210379482 | 第三借阅区/ [索取号:TP311.132.3-/1193] | 在馆 | |
| 5 | 1037949 | 210379491 | 第三借阅区/ [索取号:TP311.132.3-/1193] | 在馆 |